Eastern Utah Libraries Catalog: Duchesne, Heber, Roosevelt, & Vernal

Family ties : (Record no. 68025)

MARC details
000 -LEADER
fixed length control field 01089nam a22003618a 4500
001 - CONTROL NUMBER
control field BK0008392079
003 - CONTROL NUMBER IDENTIFIER
control field DLC
005 - DATE AND TIME OF LATEST TRANSACTION
control field 20241220124810.0
008 - FIXED-LENGTH DATA ELEMENTS--GENERAL INFORMATION
fixed length control field 100121s2010 nyu 000 1 eng
010 ## - LIBRARY OF CONGRESS CONTROL NUMBER
LC control number 2010001938
020 ## - INTERNATIONAL STANDARD BOOK NUMBER
International Standard Book Number 9780385343169 : HRD
Terms of availability $28.00
020 ## - INTERNATIONAL STANDARD BOOK NUMBER
International Standard Book Number 0385343167 : HRD
Terms of availability $28.00
037 ## - SOURCE OF ACQUISITION
Source of stock number/acquisition Random House Inc, Attn Order Entry 400 Hahn rd, Westminster, MD, USA, 21157
Note SAN 201-3975
040 ## - CATALOGING SOURCE
Original cataloging agency DLC
Transcribing agency DLC
050 00 - LIBRARY OF CONGRESS CALL NUMBER
Classification number PS3569.T33828
Item number F36 2010
082 00 - DEWEY DECIMAL CLASSIFICATION NUMBER
Classification number 813/.54
Edition number 22
092 ## - LOCALLY ASSIGNED DEWEY CALL NUMBER (OCLC)
Classification number 813.5400
092 ## - LOCALLY ASSIGNED DEWEY CALL NUMBER (OCLC)
Classification number STEEL
100 1# - MAIN ENTRY--PERSONAL NAME
Personal name Steel, Danielle.
9 (RLIN) 12350
245 10 - TITLE STATEMENT
Title Family ties :
Remainder of title a novel /
Statement of responsibility, etc Danielle Steel.
250 ## - EDITION STATEMENT
Edition statement 1st ed.
260 ## - PUBLICATION, DISTRIBUTION, ETC. (IMPRINT)
Place of publication, distribution, etc New York :
Name of publisher, distributor, etc Delacorte Press,
Date of publication, distribution, etc 2010.
263 ## - PROJECTED PUBLICATION DATE
Projected publication date 1007
300 ## - PHYSICAL DESCRIPTION
Extent 352
650 #0 - SUBJECT ADDED ENTRY--TOPICAL TERM
Topical term or geographic name as entry element Women architects
Form subdivision Fiction.
9 (RLIN) 6388564
650 #0 - SUBJECT ADDED ENTRY--TOPICAL TERM
Topical term or geographic name as entry element Single women
Form subdivision Fiction.
9 (RLIN) 5676145
650 #0 - SUBJECT ADDED ENTRY--TOPICAL TERM
Topical term or geographic name as entry element Orphans
Form subdivision Fiction.
9 (RLIN) 5673861
650 #0 - SUBJECT ADDED ENTRY--TOPICAL TERM
Topical term or geographic name as entry element Parenting
Form subdivision Fiction.
9 (RLIN) 5704696
650 #0 - SUBJECT ADDED ENTRY--TOPICAL TERM
Topical term or geographic name as entry element Parent and adult child
Form subdivision Fiction.
9 (RLIN) 5695363
655 #0 - INDEX TERM--GENRE/FORM
Genre/form data or focus term Domestic fiction.
9 (RLIN) 6205302
942 ## - ADDED ENTRY ELEMENTS (KOHA)
Koha item type BOOK
998 ## - LOCAL CONTROL INFORMATION (RLIN)
-- a132755
Holdings
Withdrawn status Lost status Source of classification or shelving scheme Damaged status Not for loan Collection code Home library Current library Shelving location Date acquired Source of acquisition Total Checkouts Total Renewals Full call number Barcode Date last seen Date checked out Cost, replacement price Price effective from Koha item type
    Dewey Decimal Classification     Fiction Wasatch County Library Wasatch County Library First Floor 05/07/2020 Donation 9 3 F Steel 34301001678079 10/24/2025 10/14/2025 28.00 05/07/2020 BOOK
This project was made possible through a grant from the Institute of Museum and Library Service administered by the Utah State Library Division.

Wasatch County Library

  • 465 East 1200 South, Heber City, Utah 84032
  • Phone 435-654-1511 | Fax 435-654-6456

Hours

  • Monday - Friday 9:30 AM - 8:00 PM
  • Saturday 9:30 AM - 1:30 PM
  • Closed Sundays and Holidays